000 00352nam a2200157Ia 4500
100 _aSastry/S.S
250 _a4
942 _cBK
654 _anumerical analysis
245 _aIntroductory methods of numerical analysis
260 _bPrentice Hall
_aNew Delhi
_c2005
082 _a519.4
_bSAS
300 _a440
546 _aENGLISH
999 _c29492
_d29492